000 00383nab a22001097u 4500
008 130520b2003 xxu||||| |||| 00| 0 spa d
041 _aspa
100 1 _aSchreiner, Stefan
_971383
245 0 0 _aEn busca de una "edad de oro". Judíos, cristianos y musulmanes en la España medieval
_cStefan Schreiner
773 0 _tConcilium
_gnº302,2003,págs. 43-60
_x0210-1041
_wRev134
942 _cAR
999 _c366198
_d366198